Les religions aux Etats-Unis - Statistiques

Statistiques générales
  • Ce quiz a été pris 366 fois
  • Le résultat moyen est 2 sur 8
Statistiques - réponses
Hint Réponse % Correct
Protestants 37 %
57%
Mormons 1 %
41%
Sans religion 20 %
29%
Catholiques 22 %
25%
Autres Chrétiens 9 %
25%
Juifs 2 %
16%
Ne se prononce pas 3 %
16%
Autres religions 6 %
16%
Aucun quiz correspondant
Distribution des résultats
% des personnes avec chaque résultat
Percentile par nombre de réponses
Votre historique - résultats
Vous n’avez pas pris ce quiz